MARC

LEADER 00000nam0a2200000 4500
001 271851
005 20231101234457.0
020 |a RU  |b 87-49470 
035 |a (RuTPU)RU\TPU\book\295054 
090 |a 271851 
100 |a 20141013d1986 k y0rusy5003 ca 
101 0 |a rus 
102 |a RU 
105 |a a z 001zy 
200 1 |a Применение методов оптической обработки изображений  |e тематический сборник  |f Академия наук СССР (АН СССР), Физико-технический институт им. А. Ф. Иоффе (ФТИ) ; под ред. С. Б. Гуревича 
210 |a Ленинград  |c Изд-во ФТИ  |d 1986 
215 |a 112 с.  |c ил. 
320 |a Библиогр. в конце ст. 
606 1 |a Изображения  |x Обработка  |x Оптические методы  |2 stltpush  |3 (RuTPU)RU\TPU\subj\12288  |9 39099 
610 1 |a теоретические исследования 
610 1 |a оптико-электронная обработка 
610 1 |a техническое зрение 
610 1 |a распознавание 
610 1 |a шумовые характеристики 
675 |a 621.397:681.3.01  |z rus  |v 3 
702 1 |a Гуревич  |b С. Б.  |g Симон Борисович  |4 340 
712 0 2 |a Академия наук СССР (АН СССР)  |b Физико-технический институт им. А. Ф. Иоффе (ФТИ)  |c (Ленинград)  |2 stltpush  |3 (RuTPU)RU\TPU\col\12056 
801 0 |a RU  |b RuMRKP  |c 19960705  |g psbo 
801 1 |a RU  |b 63413507  |c 20141013 
801 2 |a RU  |b 63413507  |c 20170314  |g RCR 
942 |c BK